E Commerce: An Indian Perspective (Record no. 6949)

MARC details
000 -LEADER
fixed length control field 00319nam a2200145Ia 4500
003 - CONTROL NUMBER IDENTIFIER
control field OSt
008 - FIXED-LENGTH DATA ELEMENTS--GENERAL INFORMATION
fixed length control field 191201s2019 xx 000 0 und d
082 ## - DEWEY DECIMAL CLASSIFICATION NUMBER
Classification number 658.802
Item number JOE
100 ## - MAIN ENTRY--PERSONAL NAME
Personal name JOSEPH, P T
245 #0 - TITLE STATEMENT
Title E Commerce: An Indian Perspective
260 ## - PUBLICATION, DISTRIBUTION, ETC. (IMPRINT)
Name of publisher, distributor, etc PHI
Date of publication, distribution, etc 2019
300 ## - PHYSICAL DESCRIPTION
Extent 538
650 ## - SUBJECT ADDED ENTRY--TOPICAL TERM
Topical term or geographic name as entry element BBA
942 ## - ADDED ENTRY ELEMENTS (KOHA)
Source of classification or shelving scheme Dewey Decimal Classification
Koha item type Text Books
Holdings
Withdrawn status Lost status Source of classification or shelving scheme Damaged status Not for loan Collection code Home library Current library Date acquired Source of acquisition Cost, normal purchase price Bill Number Total Checkouts Full call number Acc. no. / Barcode Date last seen Date last borrowed Actual Cost, discounted price Bill Date Koha item type Checked out
    Dewey Decimal Classification     BBA PIET C-LIBRARY PIET C-LIBRARY 21/07/2020 Kirti Prakashan 450.00 IN 3892 2 658.802 JOE 30921 21/05/2026 19/05/2026 301.50 16/05/2019 Text Books  
    Dewey Decimal Classification     BBA PIET C-LIBRARY PIET C-LIBRARY 21/07/2020 Kirti Prakashan 450.00 IN 3892 2 658.802 JOE 30922 20/11/2023 20/11/2023 301.50 16/05/2019 Text Books 04/12/2023
    Dewey Decimal Classification     BBA PIET C-LIBRARY PIET C-LIBRARY 21/07/2020 Kirti Prakashan 450.00 IN 3892 1 658.802 JOE 30923 15/03/2024 29/01/2024 301.50 16/05/2019 Text Books  
    Dewey Decimal Classification     BBA PIET C-LIBRARY PIET C-LIBRARY 21/07/2020 Kirti Prakashan 450.00 IN 3892 1 658.802 JOE 30924 28/11/2023 20/11/2023 301.50 16/05/2019 Text Books  
    Dewey Decimal Classification     BBA PIET C-LIBRARY PIET C-LIBRARY 21/07/2020 Kirti Prakashan 450.00 IN 3892   658.802 JOE 30925 04/12/2019   301.50 16/05/2019 Text Books  

Design & Developed by: PIET Central Library
R70 Miles Stone Pattikalyana Samalkha Panipat 132102
mail ID :- [email protected], Phone No:- 0180-2569700 Ex.216